000 00625cam a22002293a 4500
001 27494
003 PGUSA
005 20140828083608.0
008 081211s2008||||xxu|||||s|||||000 p eng d
040 _aPGUSA
_beng
042 _adc
050 4 _aPS
100 1 _aWhitman, Walt,
_d1819-1892
245 1 4 _aThe Patriotic Poems of Walt Whitman
_h[electronic resource] /
_cWalt Whitman
260 _bProject Gutenberg,
_c2008
506 _aPublic domain in the USA.
516 _aElectronic text
653 _aPoetry
830 0 _aProject Gutenberg
_v27494
856 4 0 _uhttp://www.gutenberg.org/ebooks/27494
942 _cEB
999 _c256749
_d256749